00689nam a2200229 a 4500001001300000003000900013005001700022008004100039020002300080082001300103100001900116245006700135260002500202300000900227500003500236505001700271650002300288902000800311942000700319952011600326999001700442nice12345678IN_TiNIC20260116015402.0150305s2010 dela grp 000 0 eng  a9788184650976c32500a306bPUL aPulikkan, Paul aChurch and Culture in India, Inculturationb Theory and Praxis aDelhi bISPCK c2010 a306  aincludes index and biblioraphy2 aContributors aChurch and Culture bSRS cBK 001040708StackRoom-aHMIbHMId2005-01-01g325.00l0o306 PULp11002859r2005-01-01v325.00w2015-03-05yBK c19483d19483